=LDR 00000nam 2200000 4500 =001 INLIS000000000037299 =005 20130612143032 =008 ***********************************Ind** =035 ##$$0010-061300000037299 =041 ##$$a Ind =082 ##$$a 371 =090 ##$$a 371, Hen s =100 ##$$a Hendarsyah, Hidayat =245 ##$$a Sekolah favorit hanya sekedar fantasi/ Hidayat Hendarsjah =260 ##$$a 2011 $b Jakarta =300 ##$$a x,176 hlm., Ilus., 21 cm =650 ##$$a Sekolah =850 ##$$a NBPNMAT